SATHYA SAI SPEAKS (Record no. 206227)
[ view plain ]
| 000 -LEADER | |
|---|---|
| fixed length control field | 00713nam a22002177a 4500 |
| 005 - DATE AND TIME OF LATEST TRANSACTION | |
| control field | 20241010113214.0 |
| 010 ## - LCCN (DPL NO) | |
| LC control number | ENG-142034 |
| 020 ## - INTERNATIONAL STANDARD BOOK NUMBER | |
| International Standard Book Number | 9788172088521 |
| Terms of availability | 92.00 |
| 035 ## - SYSTEM CONTROL NUMBER | |
| System control number | EN-125566 |
| 037 ## - SOURCE OF ACQUISITION | |
| Source of stock number/acquisition | DBAD/PUB |
| 082 04 - DEWEY DECIMAL CLASSIFICATION NUMBER | |
| Classification number | 230.35 |
| 245 10 - TITLE STATEMENT | |
| Title | SATHYA SAI SPEAKS |
| 250 ## - EDITION STATEMENT | |
| Edition statement | FIRST |
| 260 ## - PUBLICATION, DISTRIBUTION, ETC. (IMPRINT) | |
| Place of publication, distribution, etc | Prasanthi Nilayam |
| Name of publisher, distributor, etc | SRI SATHYA SAI SADHANA TRUST, PUBLICATIONS division |
| Date of publication, distribution, etc | 2010 |
| 270 ## - ADDRESS | |
| Address | anantapur district |
| City | andhra pradesh |
| Postal code | 515134 |
| 300 ## - PHYSICAL DESCRIPTION | |
| Extent | 310 p. : |
| Other physical details | 21c.m |
| 490 ## - SERIES STATEMENT | |
| Series statement | "This is a part of Aligarh Historians Society series"--T.p. verso |
| 500 ## - GENERAL NOTE | |
| General note | Includes bibliographical references and index |
| 700 1# - ADDED ENTRY--PERSONAL NAME | |
| Personal name | Habib, Faiz, |
| Dates associated with a name | 1962- , |
| 9 (RLIN) | 52394 |
| 942 ## - ADDED ENTRY ELEMENTS (KOHA) | |
| Source of classification or shelving scheme | Dewey Decimal Classification |
| Item type | English Books |
| Classification part | 230.35 |
| Call number suffix | SAT |
| Withdrawn status | Lost status | Not for loan | Collection code | Home library | Current library | Date acquired | Source of acquisition | Cost, normal purchase price | Full call number | Barcode | Copy number | Cost, replacement price | Koha item type |
|---|---|---|---|---|---|---|---|---|---|---|---|---|---|
| Fiction | Bawana | Bawana | 10/10/2024 | DABD | 92.00 | 230.35 SAT | EN-125566 | 1 | 92.00 | English Books |
